Circuit theory with computer methods / (Record no. 181123)

000 -LEADER
fixed length control field 00978 a2200217 4500
003 - CONTROL NUMBER IDENTIFIER
control field Nust
005 - DATE AND TIME OF LATEST TRANSACTION
control field 20170207153204.0
010 ## - LIBRARY OF CONGRESS CONTROL NUMBER
LC control number 77028685
020 ## - INTERNATIONAL STANDARD BOOK NUMBER
International Standard Book Number 0070709874
040 ## - CATALOGING SOURCE
Transcribing agency Nust
082 00 - DEWEY DECIMAL CLASSIFICATION NUMBER
Classification number 621.3192
100 1# - MAIN ENTRY--PERSONAL NAME
Personal name Wing, Omar.
245 10 - TITLE STATEMENT
Title Circuit theory with computer methods /
Statement of responsibility, etc. Omar Wing.
260 ## - PUBLICATION, DISTRIBUTION, ETC.
Place of publication, distribution, etc. Washington :
Name of publisher, distributor, etc. Hemisphere Pub. Corp.,
Date of publication, distribution, etc. c1978.
300 ## - PHYSICAL DESCRIPTION
Extent xiv, 529 p. :
Other physical details ill. ;
Dimensions 25 cm.
505 ## - FORMATTED CONTENTS NOTE
Formatted contents note Fundamental Laws (page-10) Electrical Elements (page-41) Analysis of Simple Linear Circuits (Page-95) First-and Second-Order Circuits (Page-144) Simple Nonlinear Circuits (Page-203) Formulation of Circuits Equation (Page-232) Circuits in the Sinusoidal Steady State (Page-302) Frequency-Domain Analysis (Page-357) Time-Domain Analysis (page-434) Multiterminal Circuits (Page-480)
538 ## - SYSTEM DETAILS NOTE
System details note Almirah No.31 Shelf No.6
650 #0 - SUBJECT ADDED ENTRY--TOPICAL TERM
Topical term or geographic name entry element Electric circuits.
650 #0 - SUBJECT ADDED ENTRY--TOPICAL TERM
Topical term or geographic name entry element Electric networks
General subdivision Data processing.
650 #0 - SUBJECT ADDED ENTRY--TOPICAL TERM
Topical term or geographic name entry element Electrical engineering
General subdivision Mathematics.
942 ## - ADDED ENTRY ELEMENTS (KOHA)
Source of classification or shelving scheme
Koha item type Book
Holdings
Withdrawn status Lost status Source of classification or shelving scheme Damaged status Not for loan Permanent Location Current Location Date acquired Full call number Barcode Date last seen Price effective from Koha item type Public note
          Military College of Signals (MCS) Military College of Signals (MCS) 12/12/2016 621.3192 WIN MCS6432 12/08/2016 12/12/2016 Book Almirha No 30, Shelf No 1
© 2023 Central Library, National University of Sciences and Technology. All Rights Reserved.